| 000 | 00706nam a2200217 a 4500 | ||
|---|---|---|---|
| 001 | 80052 | ||
| 003 | BD-RjUL | ||
| 005 | 20220628153446.0 | ||
| 008 | 220628s2022 bg ||||| |||| 00| 0 ben d | ||
| 020 | _a98470000028105 | ||
| 035 | _a(BD-RjUL)80052 | ||
| 040 |
_aBD-RjUL _beng _cBD-RjUL |
||
| 041 | _aben | ||
| 082 |
_223 _a954.14 _bKAM 2022 |
||
| 100 |
_aকরিম, আবদুল _91262 |
||
| 245 |
_aমুর্শিদকুলী খান ও তাঁর যুগ / _cআবদুল করিম |
||
| 300 |
_a২৪০ পৃ.; _c২২ সেমি. |
||
| 650 |
_aবাংলা (ভারত) _xইতিহাস _91260 |
||
| 650 |
_aBengal (India) _xHistory. _91261 |
||
| 942 |
_2ddc _cBK |
||
| 999 |
_c80052 _d80052 |
||